000 01181nam a2200265Ia 4500
003 OSt
005 20220930094816.0
006 a|||||r|||| 00| 0
007 ta
008 220926b |||||||| |||| 00| 0 hin d
024 _a19663
037 _cTheses
040 _aCRL
_cCRL
_bhin
041 _2hin
_ahin
100 _aकांबले, अनिल
110 _aदिल्ली विश्वविद्यालय. कला संकाय. हिन्दी विभाग
245 0 _aमधुर भंडारकर की फिल्मेां में स्त्रीवादी मीडिया दृष्टि
246 _aMadhur bhanḍārakar kī filmeāan mean strīvādī mīḍiyā dṛuṣhṭi
260 _c2013
650 _aहिन्दी साहित्य
700 _a डॉ. स्मिता मिश्र, गा.
_9556345
700 _aदिल्ली विश्वविद्यालय. कला संकाय. हिन्दी विभाग
942 _cDIS
_2CC
999 _c887711
_d887711